Cowen The Law of Negotiable Instruments in South Africa / (Record no. 225)

MARC details
000 -LEADER
fixed length control field 00597nam a22001817a 4500
005 - DATE AND TIME OF INPUT
control field 20231101133119.0
008 - DATA ELEMENTS--GENERAL INFORMATION
fixed length control field 231101b |||||||| |||| 00| 0 eng d
020 ## - INTERNATIONAL STANDARD BOOK NUMBER
International Standard Book Number 0702115703
041 ## - LANGUAGE CODE
Language code of text English
082 ## - SHELF NUMBER
DDC number 346.7 COW
100 ## - MAIN AUTHOR
Main author's name Cowen, DV and Geering, L
Language of a work English
245 ## - TITLE STATEMENT
Title Cowen The Law of Negotiable Instruments in South Africa /
Statement of responsibility, etc. DV Cowen and L Geering
250 ## - EDITION STATEMENT
Edition statement Fifth Edition
260 ## - PUBLICATION, DISTRIBUTION, ETC.
Place of publication, distribution, etc. Cape Town :
Name of publisher, distributor, etc. Juta and Company Ltd,
Date of publication, distribution, etc. 1985
300 ## - PHYSICAL DESCRIPTION
Other physical details xxiv,587 pages ;
Dimensions 26 cm.
Accompanying material 2 Volumes
650 ## - SUBJECT`
Broad subject Legal practice
Own subject terms Law
942 ## - ADDED ENTRY ELEMENTS (KOHA)
Item type Books
942 ## - ADDED ENTRY ELEMENTS (KOHA)
-- ALISON_BN_VRIES
Holdings
Source of classification or shelving scheme Volume number (bound volume or other part) Not for loan Collection code Home library Current library Shelving location Date acquired Full call number Barcode Price effective from Koha item type
Dewey Decimal Classification Volume 1 : General Principles   TEXT BOOKS LAW SOCIETY OF NAMIBIA LIBRARY - WINDHOEK LAW SOCIETY OF NAMIBIA LIBRARY - WINDHOEK INSOLVENCY AND INSURANCE 11/01/2023 346.7 COW LSN/1986/76 11/01/2023 Books
Dewey Decimal Classification Volume 1 : General Principles   TEXT BOOKS LAW SOCIETY OF NAMIBIA LIBRARY - WINDHOEK LAW SOCIETY OF NAMIBIA LIBRARY - WINDHOEK INSOLVENCY AND INSURANCE 11/01/2023 346.7 COW LSN/1993/8 11/01/2023 Books